NFL Starting QB's for the 2020-21 season - Statistics

General Stats
  • This quiz has been taken 71 times
  • The average score is 33 of 52
Answer Stats
Answer % Correct
Joe Burrow
93%
Tom Brady
92%
Aaron Rodgers
90%
Patrick Mahomes
88%
Josh Allen
87%
Lamar Jackson
87%
Matthew Stafford
87%
Brandon Allen
85%
Carson Wentz
85%
Kyle Allen
85%
Matt Ryan
85%
Drew Brees
83%
Russel Wilson
83%
Dak Prescott
82%
Jared Goff
82%
Taysom Hill
82%
Daniel Jones
78%
Justin Herbert
78%
Ryan Tannehill
78%
Cam Newton
77%
Philip Rivers
77%
Deshaun Watson
75%
Kirk Cousins
75%
Kyler Murray
75%
Ryan Fitzpatrick
72%
Teddy Bridgewater
72%
Baker Mayfield
70%
Derek Carr
70%
Tua Tagovailoa
70%
Alex Smith
68%
Andy Dalton
68%
Nick Foles
67%
Ben Roethlesburger
65%
Drew Lock
65%
Gardner Minshew
65%
Sam Darnold
65%
Tyrod Taylor
58%
Mitchell Trubisky
57%
Dwayne Haskins
55%
Joe Flacco
47%
Jimmy Garrapelo
43%
Nick Mullens
38%
Mike Glennon
37%
Colt McCoy
30%
Jake Luton
27%
Brian Hoyer
25%
Robert Griffin III
25%
Ben DiNucci
18%
Garrett Gilbert
18%
P.J Walker
18%
Brett Rypien
15%
Kendall Hinton
12%
No matching quizzes found
Score Distribution
Percent of People with Each Score
Percentile by Number Answered
Your Score History
You have not taken this quiz